| 000 | 00630nam a22001817a 4500 | ||
|---|---|---|---|
| 003 | BD-DhUL | ||
| 005 | 20161030125200.0 | ||
| 008 | 161030b1963 ii |||| |||| 000 0 ben d | ||
| 040 |
_aBD-DhUL _cBD-DhUL |
||
| 082 |
_a891.443 _bMAK |
||
| 100 | 1 | _aমহীউদ্দীন | |
| 245 | 1 |
_aকামিনী কাঞ্চন / _cমহীউদ্দীন |
|
| 260 |
_aকলিকাতা : _bনওরোজ কিতাবিস্তান, _c১৯৬৩। |
||
| 300 |
_a১৭০ পৃ. ; _c১৭ সেমি. |
||
| 650 | _aবাংলা উপন্যাস। | ||
| 650 | _aBengali novel. | ||
| 942 |
_2ddc _cBK |
||
| 999 |
_c116923 _d116923 |
||